Statistics for Countries with lowest IQ

Click here to take the quiz!

General Stats

  • This quiz has been taken 33 times
  • The average score is 8 of 20

Answer Stats

IQCountry% Correct
63 NNiger
78%
60 GGambia
67%
69 GGhana
67%
78 QQatar
59%
62 GGuinea Bissau
56%
71 KKenya
56%
61 EEthiopia
52%
65 CChad
48%
56 EEquatorial Guinea
44%
81 SSaudi Arabia
37%
85 KKuwait
33%
77 NNepal
30%
70 SSouth Africa
30%
82 AAlgeria
26%
84 IIran
26%
83 BBrazil
19%
64 CCentral Africa
19%
58 SSao Tome and Principe
11%
80 AAfganistan
7%
79 SSri Lanka
0%

Score Distribution

Percentile by Number Answered

Percent of People with Each Score

Your Score History

You have not taken this quiz